| 000 | 00588nam a22002177a 4500 | ||
|---|---|---|---|
| 003 | OSt | ||
| 005 | 20160627191423.0 | ||
| 008 | 160627b xxu||||| |||| 00| 0 eng d | ||
| 020 | _a9780702031397 | ||
| 040 | _cDNLM | ||
| 082 | _aWA900 S31p 2010 | ||
| 100 |
_aScriven, Angela _99683 |
||
| 245 | _aPromoting Health: a practical guide | ||
| 250 | _a6th ed. | ||
| 260 | _aEdinburgh; Elsevier, 2010 | ||
| 300 | _axiii,251p; col.ill: 25cm | ||
| 504 | _aReferences, glossary, & index included | ||
| 650 |
_aHealth Promotion _92077 |
||
| 650 |
_aPublic health _92243 |
||
| 942 |
_2z _cO_SHELF |
||
| 999 |
_c4513 _d4513 |
||